| 000 | 01551cam a22003258i 4500 | ||
|---|---|---|---|
| 001 | 18370980 | ||
| 003 | PILC | ||
| 005 | 20150921103546.0 | ||
| 008 | 141113s2015 enk b 001 0 eng | ||
| 010 | _a 2014022340 | ||
| 020 | _a9781138024717 (hardback) | ||
| 020 | _a9781138024724 (pbk.) | ||
| 020 | _z9781315775555 (ebook) | ||
| 040 |
_aDLC _beng _cDLC _erda |
||
| 042 | _apcc | ||
| 050 | 0 | 0 |
_aNX 180.S6 _b.C535 2015 |
| 082 | 0 | 0 | _a700.1/03 |
| 100 | 1 | _aClammer, John. | |
| 245 | 1 | 0 |
_aArt, culture and international development : _bhumanizing social transformation / _cJohn Clammer. |
| 260 |
_aNew York : _bRoutledge, _c2015. |
||
| 263 | _a1503 | ||
| 300 |
_aix, 158 pages ; _c25 cm. |
||
| 500 | _aIncludes bibliographical references and index. | ||
| 505 | 0 | _aPreface -- Art, culture and development : what are the connections? -- Art as social enterprise : the creative sector in relation to poverty, policy and social development -- The arts of sustainability : architecture, design and public art -- Performing development : theatres of the oppressed and beyond -- Visualizing development : film, photography, representation -- Writing development : literatures of critique and transformation -- Arts education for development and social justice -- Art, culture and integral development. | |
| 650 | 0 | _aArts and society. | |
| 650 | 0 |
_aArts _xEconomic aspects. |
|
| 906 |
_a7 _bcbc _corignew _d1 _eecip _f20 _gy-gencatlg |
||
| 942 |
_2lcc _cBK _kFOR |
||
| 999 |
_c288699 _d288699 |
||